| 000 | 00644nam a2200205Ia 4500 | ||
|---|---|---|---|
| 003 | GCL | ||
| 008 | 140319s9999 xx 000 0 ara d | ||
| 040 |
_aGCL / _cGCL |
||
| 082 | 0 | 4 |
_a523.1 _bم ك |
| 100 | 1 | _aمحمد جمال الدين الفندى | |
| 245 | 1 | 0 |
_aالكون الغامض وجود من العدم الى العدم / _cمحمد جمال الدين الفندى |
| 260 |
_a[S.N] : _bالهيئة المصرية العامة للكتاب ، _c1994 |
||
| 490 | _a | ||
| 650 | 0 | 4 | _aالفلك |
| 650 | 0 | 4 | _aالارض |
| 650 | 0 | 4 | _aالكون |
| 650 | 0 | 4 | _aالكواكب |
| 650 | 0 | 4 | _aالكونيات |
| 942 |
_2ddc _cBK |
||
| 999 |
_c30273 _d30273 |
||